| 000 | 00535nam a22001697a 4500 | ||
|---|---|---|---|
| 005 | 20230525011347.0 | ||
| 008 | 221215b |||||||| |||| 00| 0 eng d | ||
| 020 | _a971-8511-48-2 | ||
| 082 | _aFil. 639.58 T617 2000 | ||
| 100 |
_aTookwinas, Siri _eauthor |
||
| 245 |
_aClosed-recirculating shrimp farming system / _cSiri Tookwinas / |
||
| 260 |
_aIloilo: _bSoutheast Asian Fisheries Development Center, _cc2000. |
||
| 300 |
_a27p.: _bill. |
||
| 490 | _aState-of-the-art series | ||
| 541 | _e6355 | ||
| 650 | _aShrimp farming - Philippines | ||
| 999 |
_c408 _d408 |
||